| 000 | 01235nam a2200325 i 4500 | ||
|---|---|---|---|
| 003 | CSPC | ||
| 005 | 20240206165413.0 | ||
| 008 | 240205s2020 ph a 000 0 eng d | ||
| 010 | _a2021346847 | ||
| 020 | _a9789719913979 | ||
| 040 |
_cCSPC _aCSPC _beng _erda |
||
| 050 | 0 | 0 |
_aR621.J36 _bB37 2020 |
| 082 | 0 | 4 |
_a610.92 _bB232p |
| 100 | 1 |
_aBarbaza, Raniela Evangelista, _eauthor. |
|
| 245 | 1 | 0 |
_aPatricio M. Janer / _cRaniela Evangelista Barbaza, writer. |
| 264 | 1 |
_aNaga City, Philippines : _bAteneo de Naga University Press, _c2020. |
|
| 300 |
_a29 pages : _billustrations ; _c23 cm. |
||
| 336 |
_2rdacontent _atext |
||
| 337 |
_2rdamedia _aunmediated |
||
| 338 |
_2rdacarrier _avolume |
||
| 490 | 0 |
_aBikolnon biography series ; _vno. 13 |
|
| 504 | _aIncludes bibliographical references (pages 26-27). | ||
| 546 | _aIn English. | ||
| 600 | 1 | 0 |
_aJaner, Patricio Martinez, _d1882-1965. |
| 650 | 0 |
_aPhysicians _zPhilippines _vBiography. |
|
| 651 | 0 | _aBicol (Philippines : Region) | |
| 710 | 2 |
_aAteneo de Naga University Press, _epublisher. |
|
| 942 |
_2ddc _cBK _h610.92 _iB232p _kBKL _m2020 _n0 |
||
| 999 |
_c26950 _d26950 |
||